VII Five year plan proposals (part II) (development plan for extention, research station) (Record no. 13918)

MARC details
000 -LEADER
fixed length control field 00427nam a2200157Ia 4500
003 - CONTROL NUMBER IDENTIFIER
control field OSt
082 ## - DEWEY DECIMAL CLASSIFICATION NUMBER
Classification number IR KAU/PLAN
Item number VII
100 ## - MAIN ENTRY--PERSONAL NAME
Personal name KAU
245 ## - TITLE STATEMENT
Title VII Five year plan proposals (part II) (development plan for extention, research station)
260 ## - PUBLICATION, DISTRIBUTION, ETC. (IMPRINT)
Place of publication, distribution, etc Vellanikkara
Name of publisher, distributor, etc Kerala Agricultural University
300 ## - PHYSICAL DESCRIPTION
Extent 87p.
546 ## - LANGUAGE
Language note English
650 ## - SUBJECT ADDED ENTRY--TOPICAL TERM
Topical term or geographic name as entry element KAU
650 ## - SUBJECT ADDED ENTRY--TOPICAL TERM
Topical term or geographic name as entry element Kerala Agricultural University
942 ## - ADDED ENTRY ELEMENTS (KOHA)
Source of classification or shelving scheme Dewey Decimal Classification
Koha item type KAU Publications
Holdings
Lost status Source of classification or shelving scheme Damaged status Not for loan Collection code Home library Current library Shelving location Date acquired Total Checkouts Full call number Barcode Date last seen Koha item type
  Dewey Decimal Classification   Not For Loan KAU Publication KAU Central Library, Thrissur KAU Central Library, Thrissur IR 18/03/2014   IR KAU/PLAN VII 800766 18/03/2014 KAU Publications
Kerala Agricultural University Central Library
Thrissur-(Dt.), Kerala Pin:- 680656, India
Ph : (+91)(487) 2372219
E-mail: librarian@kau.in
Website: http://library.kau.in/